| 000 | 01103nam0a2200277 i 4500 | ||
|---|---|---|---|
| 001 | RU\NLR\BIBL_A\011396884 | ||
| 005 | 20260406071347.0 | ||
| 010 |
_a9785906791474 _95000 |
||
| 021 |
_aRU _b2017-32434 _92384 |
||
| 035 | _a(RuMoRGB)008876064 | ||
| 035 | _a(NLR Aleph) 011396884 | ||
| 090 |
_a11484517 _c11484517 |
||
| 100 | _a20170531d2017 u y0rusy50 ca | ||
| 101 | 1 |
_arus _ceng |
|
| 102 | _aRU | ||
| 105 | _ay|||z|||000ay | ||
| 200 | 1 |
_aСвятой, серфингист и директор _eудивительная история о том, как можно жить по велению сердца _fРобин Шарма _g[перевод с английского Н. Лебедевой] |
|
| 210 |
_aМосква _cСофия _d2017 |
||
| 215 |
_a252, [2] с. _d21 |
||
| 320 | _aДр. произведения авт. в конце кн. | ||
| 686 | 1 | _aШ6(7К)167-440.4{Лх1960-18} | |
| 700 | 1 |
_8rus _7ca _aШарма _bР. С. _f1965- _gРобин С. _3RU\NLR\AUTH\7727943 _910974 |
|
| 942 | _cBOOK | ||
| 980 | _aNBR | ||